| 000 -LEADER |
| fixed length control field |
00816cam a22002654a 4500 |
| 001 - CONTROL NUMBER |
| control field |
9807 |
| 003 - CONTROL NUMBER IDENTIFIER |
| control field |
BD-DhUAP |
| 005 - DATE AND TIME OF LATEST TRANSACTION |
| control field |
20200225160723.0 |
| 008 - FIXED-LENGTH DATA ELEMENTS--GENERAL INFORMATION |
| fixed length control field |
200225s2006 it a bc 000 0deng d |
| 020 ## - INTERNATIONAL STANDARD BOOK NUMBER |
| International Standard Book Number |
8876242694 |
| 020 ## - INTERNATIONAL STANDARD BOOK NUMBER |
| International Standard Book Number |
9788876242694 |
| 040 ## - CATALOGING SOURCE |
| Original cataloging agency |
ItFiC |
| Transcribing agency |
ItFiC |
| Modifying agency |
BD-DhUAP |
| Language of cataloging |
Eng |
| 042 ## - AUTHENTICATION CODE |
| Authentication code |
lccopycat |
| 082 ## - DEWEY DECIMAL CLASSIFICATION NUMBER |
| Edition number |
23 |
| Classification number |
720.92 CAP |
| 100 1# - MAIN ENTRY--PERSONAL NAME |
| Personal name |
Capitanucci, Maria Vittoria. |
| 245 10 - TITLE STATEMENT |
| Title |
DPA Dominique Perrault architecture : |
| Remainder of title |
recent works / |
| Statement of responsibility, etc. |
Maria Vittoria Capitanucci. |
| 250 ## - EDITION STATEMENT |
| Edition statement |
1st ed. |
| 260 ## - PUBLICATION, DISTRIBUTION, ETC. |
| Place of publication, distribution, etc. |
Milano : |
| Name of publisher, distributor, etc. |
Skira, |
| Date of publication, distribution, etc. |
c2006. |
| 300 ## - PHYSICAL DESCRIPTION |
| Extent |
223 pages : |
| Other physical details |
illustrations ; |
| Dimensions |
21 cm. |
| 504 ## - BIBLIOGRAPHY, ETC. NOTE |
| Bibliography, etc. note |
Includes bibliographical references. |
| 600 10 - SUBJECT ADDED ENTRY--PERSONAL NAME |
| Personal name |
Perrault, Dominique |
| Form subdivision |
Catalogs. |
| 650 ## - SUBJECT ADDED ENTRY--TOPICAL TERM |
| Topical term or geographic name entry element |
Perrault, Dominique. |
| General subdivision |
Criticism and interpretation. |
| 650 ## - SUBJECT ADDED ENTRY--TOPICAL TERM |
| Topical term or geographic name entry element |
Architecture. |
| 942 ## - ADDED ENTRY ELEMENTS (KOHA) |
| Source of classification or shelving scheme |
|
| Koha item type |
Book |